[Event "Oberliga Sued W 1314"]
[Site "Germany"]
[Date "2014.04.06"]
[Round "9.7"]
[White "Feibert, Fred"]
[Black "Friedrich, Marius"]
[Result "1/2-1/2"]
[WhiteElo "2231"]
[BlackElo "2081"]
[PlyCount "29"]
[EventDate "2013.10.13"]
[EventType "team-tourn"]
[EventRounds "9"]
[EventCountry "GER"]
[SourceTitle "EXT 2015"]
[Source "ChessBase"]
[SourceDate "2014.11.20"]
[SourceVersion "1"]
[SourceVersionDate "2014.11.20"]
[SourceQuality "1"]
[WhiteTeam "Mutterstadt"]
[BlackTeam "Gau Algesheim"]
[WhiteTeamCountry "GER"]
[BlackTeamCountry "GER"]

1. d4 d5 2. Nf3 Nf6 3. c4 c6 4. Nc3 dxc4 5. a4 Bf5 6. e3 e6 7. Bxc4 Bb4 8. 0-0 0-0 9. Qb3 Qe7 10. a5 c5 11. dxc5 Bxc5 12. Nd4 Bg6 13. Bd2 Nc6 14. Nxc6 bxc6 15. Qa4 1/2-1/2

[Event "Oberliga Sued W 1213"]
[Site "Germany"]
[Date "2012.11.11"]
[Round "2.8"]
[White "Feibert, Fred"]
[Black "Vogel, Johannes"]
[Result "0-1"]
[WhiteElo "2195"]
[BlackElo "2094"]
[PlyCount "60"]
[EventDate "2012.10.21"]
[EventType "team-tourn"]
[EventRounds "9"]
[EventCountry "GER"]
[SourceTitle "EXT 2019"]
[Source "ChessBase"]
[SourceDate "2018.10.10"]
[SourceVersion "1"]
[SourceVersionDate "2018.10.10"]
[SourceQuality "1"]
[WhiteTeam "Mutterstadt"]
[BlackTeam "Landau"]
[WhiteTeamCountry "GER"]
[BlackTeamCountry "GER"]

1. d4 Nf6 2. c4 e6 3. Nf3 b6 4. g3 Ba6 5. b3 Bb4+ 6. Bd2 Be7 7. Bg2 Bb7 8. 0-0 0-0 9. Nc3 d5 10. Ne5 Nbd7 11. cxd5 exd5 12. Bf4 Re8 13. Nb5 a6 14. Nxf7 Kxf7 15. Nxc7 Nh5 16. Bxd5+ Bxd5 17. Nxd5 Nxf4 18. Nxf4 Nf6 19. Qd3 b5 20. e4 Kg8 21. Ne6 Qd7 22. d5 Bb4 23. Rad1 Rac8 24. f3 Qd6 25. Kh1 Rc3 26. Qd4 Rc2 27. e5 Qxd5 28. Qxd5 Nxd5 29. Rxd5 Rxe6 30. f4 Rec6 0-1

[Event "Pfalz op 01st"]
[Site "Neustadt an der Weinstrasse"]
[Date "2008.02.21"]
[Round "7"]
[White "Feibert, Fred"]
[Black "Berelowitsch, Alexander"]
[Result "0-1"]
[WhiteElo "2256"]
[BlackElo "2606"]
[PlyCount "206"]
[EventDate "2008.02.16"]
[EventType "swiss"]
[EventRounds "9"]
[EventCountry "GER"]
[SourceTitle "CBM 122 Extra"]
[Source "ChessBase"]
[SourceDate "2008.03.04"]
[SourceVersion "1"]
[SourceVersionDate "2008.03.04"]
[SourceQuality "1"]

1. d4 Nf6 2. Nf3 e6 3. Bf4 b6 4. h3 Bb7 5. e3 Be7 6. Be2 0-0 7. 0-0 c5 8. Nbd2 d5 9. Ne5 Nbd7 10. a4 a6 11. c3 c4 12. Bf3 b5 13. Qb1 Nxe5 14. Bxe5 Nd7 15. Bg3 f5 16. b3 cxb3 17. axb5 axb5 18. Qxb3 Qb6 19. Rfb1 Rxa1 20. Rxa1 Ra8 21. Rb1 Ra5 22. c4 dxc4 23. Nxc4 bxc4 24. Qxb6 Nxb6 25. Rxb6 Bxf3 26. gxf3 c3 27. Rc6 Bc5 28. Bc7 Rb5 29. Bf4 e5 30. dxe5 c2 31. e4 Rb1+ 32. Kg2 c1Q 33. Bxc1 Rxc1 34. exf5 Ba3 35. Ra6 Be7 36. f4 Kf7 37. Ra7 Rc3 38. f3 h5 39. h4 Rc2+ 40. Kg3 Rb2 41. Kh3 Rb1 42. Kg3 Rb4 43. Rc7 Ke8 44. Ra7 Rd4 45. Ra6 Bd8 46. Ra7 Rd7 47. Ra6 Rf7 48. Rg6 Kf8 49. f6 gxf6 50. exf6 Bxf6 51. Rh6 Be7 52. Rxh5 Bd6 53. Rd5 Ke7 54. Rd4 Rg7+ 55. Kh3 Ke6 56. f5+ Ke5 57. f6 Rf7 58. Rd3 Rxf6 59. h5 Kf4 60. Kg2 Rh6 61. Rd4+ Kf5 62. Rh4 Bf4 63. Rh3 Ra6 64. Kf1 Re6 65. Kf2 Bg5 66. Kf1 Kf4 67. Kf2 Ra6 68. Ke2 Rd6 69. Rh1 Re6+ 70. Kf2 Ra6 71. Ke2 Ra2+ 72. Kd3 Kxf3 73. h6 Ra8 74. h7 Rh8 75. Kd4 Kg4 76. Ke5 Bh4 77. Kd5 Rxh7 78. Kc6 Rh5 79. Rd1 Bg3 80. Rd7 Kf5 81. Rf7+ Ke6 82. Rg7 Be5 83. Rg6+ Bf6 84. Rg2 Rh8 85. Re2+ Be5 86. Rg2 Rc8+ 87. Kb7 Rc7+ 88. Kb6 Rc1 89. Rd2 Bd6 90. Rg2 Rc4 91. Kb5 Rc8 92. Kb6 Bf4 93. Rg4 Be5 94. Rg2 Kd5 95. Rd2+ Bd4+ 96. Kb7 Rh8 97. Rg2 Rh7+ 98. Ka8 Bc5 99. Rg6 Bd6 100. Rg7 Rh8+ 101. Kb7 Rb8+ 102. Ka7 Kc6 103. Rg2 Rh8 0-1

[Event "Boeblingen op 22nd"]
[Site "Boeblingen"]
[Date "2005.12.28"]
[Round "5"]
[White "Drabke, Lorenz Maximilian"]
[Black "Feibert, Fred"]
[Result "1-0"]
[WhiteElo "2405"]
[BlackElo "2290"]
[PlyCount "51"]
[EventDate "2005.12.26"]
[EventType "swiss"]
[EventRounds "9"]
[EventCountry "GER"]
[SourceTitle "CBM 110 Extra"]
[Source "ChessBase"]
[SourceDate "2006.03.10"]
[SourceVersion "2"]
[SourceVersionDate "2006.03.10"]
[SourceQuality "1"]

1. e4 e6 2. d3 d5 3. Nd2 Nf6 4. Ngf3 c5 5. g3 Nc6 6. Bg2 Be7 7. 0-0 0-0 8. Re1 b6 9. e5 Nd7 10. Nf1 f6 11. exf6 Bxf6 12. Ne3 Nde5 13. Nxe5 Nxe5 14. c4 Bb7 15. Ng4 Nxg4 16. Qxg4 Bd4 17. Qxe6+ Kh8 18. Re2 Rf6 19. Qg4 Rg6 20. Qh5 Qf6 21. Bf4 Rf8 22. Be5 Bxf2+ 23. Kh1 Qf7 24. Rf1 Rf6 25. Qxf7 R6xf7 26. Bd6 1-0

[Event "Oberliga Sued W 0405"]
[Site "Germany"]
[Date "2005.03.13"]
[Round "8.4"]
[White "Feibert, Fred"]
[Black "Hoegerl, Gerd"]
[Result "1-0"]
[WhiteElo "2260"]
[BlackElo "2152"]
[PlyCount "87"]
[EventDate "2004.10.03"]
[EventType "team-tourn"]
[EventRounds "9"]
[EventCountry "GER"]
[SourceTitle "EXT 2009"]
[Source "ChessBase"]
[SourceDate "2008.11.26"]
[SourceVersion "1"]
[SourceVersionDate "2008.11.26"]
[SourceQuality "1"]
[WhiteTeam "Bad Bergzabern"]
[BlackTeam "Mutterstadt"]
[WhiteTeamCountry "GER"]
[BlackTeamCountry "GER"]

1. d4 Nf6 2. Nf3 g6 3. g3 Bg7 4. Bg2 0-0 5. 0-0 d6 6. b3 Nbd7 7. Bb2 c6 8. Nbd2 Qc7 9. e4 e5 10. dxe5 Nxe5 11. Nxe5 dxe5 12. Nc4 Rd8 13. Bxe5 Qe7 14. Bd6 Qe6 15. e5 Ne8 16. f4 Nxd6 17. Nxd6 Bf8 18. Qf3 Bxd6 19. exd6 Qxd6 20. Rad1 Qc5+ 21. Qf2 Qxf2+ 22. Kxf2 Bg4 23. Bf3 Bxf3 24. Kxf3 f5 25. h3 Kf7 26. g4 fxg4+ 27. hxg4 Rxd1 28. Rxd1 Re8 29. g5 Re7 30. Rd8 Kg7 31. Rd6 Kf7 32. a4 Re1 33. Rd7+ Re7 34. Rd8 Kg7 35. a5 h6 36. gxh6+ Kxh6 37. a6 Kg7 38. Rc8 g5 39. f5 Kf6 40. Rf8+ Ke5 41. f6 Rd7 42. axb7 Rxb7 43. Kg4 Ke4 44. Rc8 1-0

[Event "Oberliga Sued W 0405"]
[Site "Germany"]
[Date "2005.01.30"]
[Round "6.2"]
[White "Feibert, Fred"]
[Black "Seger, Ruediger"]
[Result "1/2-1/2"]
[WhiteElo "2260"]
[BlackElo "2352"]
[PlyCount "87"]
[EventDate "2004.10.03"]
[EventType "team-tourn"]
[EventRounds "9"]
[EventCountry "GER"]
[SourceTitle "EXT 2009"]
[Source "ChessBase"]
[SourceDate "2008.11.26"]
[SourceVersion "1"]
[SourceVersionDate "2008.11.26"]
[SourceQuality "1"]
[WhiteTeam "Bad Bergzabern"]
[BlackTeam "Trier"]
[WhiteTeamCountry "GER"]
[BlackTeamCountry "GER"]

1. d4 Nf6 2. Nf3 g6 3. g3 Bg7 4. Bg2 0-0 5. 0-0 d5 6. c4 dxc4 7. Ne5 Nfd7 8. Nxc4 Nb6 9. Nxb6 axb6 10. d5 e6 11. e4 exd5 12. exd5 Nd7 13. Nc3 Ne5 14. h3 Bf5 15. g4 Bd7 16. Bf4 Re8 17. Rc1 h6 18. a4 Qe7 19. d6 Qxd6 20. Qxd6 cxd6 21. Rfd1 Bxa4 22. Nxa4 Rxa4 23. Bg3 Re7 24. Rxd6 Rb4 25. Rc8+ Kh7 26. Bh4 g5 27. Bg3 Ng6 28. Bf1 Bxb2 29. Rxg6 fxg6 30. Bd6 Rbe4 31. Bxe7 Rxe7 32. Rd8 Ba3 33. Bd3 Bc5 34. Kg2 Kg7 35. Rd5 Kf6 36. Kf1 Rf7 37. Be4 Rc7 38. Bd3 Be7 39. Ke2 Ke6 40. Rb5 Bc5 41. Bxg6 Kd5 42. Kd3 Re7 43. Rb2 Re1 44. Re2 1/2-1/2

[Event "GER CupT"]
[Site "Bad Bergzabern"]
[Date "2004.01.24"]
[Round "2.4"]
[White "Vuckovic, Aleksandar"]
[Black "Feibert, Fred"]
[Result "0-1"]
[WhiteElo "2321"]
[BlackElo "2244"]
[PlyCount "70"]
[EventDate "2004.01.??"]
[EventType "team"]
[EventRounds "1"]
[EventCountry "GER"]
[SourceTitle "EXT 2005"]
[Source "ChessBase"]
[SourceDate "2004.11.15"]
[SourceVersion "1"]
[SourceVersionDate "2004.11.15"]
[SourceQuality "1"]
[WhiteTeam "Stuttgart"]
[WhiteTeamCountry "GER"]

1. e4 e6 2. d4 d5 3. Nd2 Nf6 4. e5 Nfd7 5. Bd3 c5 6. c3 Nc6 7. Ne2 cxd4 8. cxd4 f6 9. exf6 Nxf6 10. Nf3 Bd6 11. 0-0 Qc7 12. g3 0-0 13. Bf4 Bxf4 14. Nxf4 Qb6 15. Re1 Qxb2 16. Re2 Qa3 17. Nxe6 Bxe6 18. Rxe6 Rae8 19. Rxe8 Rxe8 20. Rb1 Ne4 21. Qb3 Qxb3 22. Rxb3 Rf8 23. Bb5 Na5 24. Re3 Rc8 25. Bd3 Rc1+ 26. Kg2 Nc4 27. Re2 Ncd6 28. Rb2 Nc3 29. Ne5 b5 30. Nc6 a6 31. Nb8 a5 32. Nc6 a4 33. Na7 Nc4 34. Bxc4 dxc4 35. Nxb5 Rb1 0-1

[Event "Budapest FS07 IM-B"]
[Site "Budapest"]
[Date "2002.07.09"]
[Round "4"]
[White "Le Dinh, Tuan"]
[Black "Feibert, Fred"]
[Result "1-0"]
[WhiteElo "2361"]
[BlackElo "2270"]
[PlyCount "63"]
[EventDate "2002.07.06"]
[EventType "tourn"]
[EventRounds "11"]
[EventCountry "HUN"]
[EventCategory "2"]
[SourceTitle "CBM 089 Extra"]
[Source "ChessBase"]
[SourceDate "2002.09.10"]
[SourceVersion "2"]
[SourceVersionDate "2002.09.10"]
[SourceQuality "1"]

1. e4 e6 2. d4 d5 3. Nc3 Bb4 4. e5 c5 5. a3 Bxc3+ 6. bxc3 Qc7 7. Qg4 f6 8. Qg3 cxd4 9. exf6 Qxg3 10. hxg3 Nxf6 11. cxd4 Nc6 12. Nf3 Bd7 13. Bd3 0-0 14. Bf4 a6 15. Bd6 Rfc8 16. Rb1 Na5 17. 0-0 Ba4 18. Bb4 Nc4 19. Rfe1 Ne4 20. Bc5 Nxc5 21. dxc5 Rxc5 22. Rxb7 Nd6 23. Rb6 Ne4 24. Bxe4 dxe4 25. Rxe4 Bxc2 26. Rexe6 Bd3 27. Re7 Kh8 28. Ne5 Rb5 29. Rc6 Rb1+ 30. Kh2 Bg6 31. Nxg6+ hxg6 32. Rxg6 1-0

[Event "Bayern-chI Bank Hofmann 5th"]
[Site "Bad Wiessee"]
[Date "2001.11.04"]
[Round "9"]
[White "Feibert, Fred"]
[Black "Seifert, Dierk"]
[Result "1/2-1/2"]
[WhiteElo "2275"]
[BlackElo "2139"]
[PlyCount "92"]
[EventDate "2001.10.27"]
[EventType "swiss"]
[EventRounds "9"]
[EventCountry "GER"]
[SourceTitle "EXT 2003"]
[Source "ChessBase"]
[SourceDate "2002.11.25"]
[SourceVersion "1"]
[SourceVersionDate "2002.11.25"]
[SourceQuality "1"]

1. Nf3 e6 2. g3 f5 3. Bg2 Nf6 4. 0-0 Be7 5. b3 0-0 6. c4 d6 7. d4 a5 8. Bb2 Qe8 9. Nc3 c6 10. Re1 Qg6 11. Qd3 Na6 12. a3 Ne4 13. Nd2 Nxd2 14. Qxd2 f4 15. Na4 Bd8 16. c5 Bc7 17. cxd6 Bxd6 18. Nb6 Rb8 19. Nc4 Bc7 20. Ne5 Qh6 21. Rad1 Rf5 22. e3 g5 23. Be4 Rf8 24. gxf4 gxf4 25. Kh1 Rd8 26. Rg1+ Kf8 27. Qe2 Bxe5 28. dxe5 Bd7 29. Qg4 Kf7 30. exf4 Nc5 31. f5 Rg8 32. fxe6+ Bxe6 33. Qf3+ Ke7 34. Qf6+ Qxf6 35. exf6+ Kf7 36. Bxh7 Bd5+ 37. Rxd5 Rxg1+ 38. Kxg1 cxd5 39. f3 Nxb3 40. f4 d4 41. Bc2 a4 42. Kf2 Rc8 43. Be4 b5 44. h4 Rc5 45. Bd3 Kxf6 46. Kf3 Ke6 1/2-1/2

[Event "Bayern-chI Bank Hofmann 5th"]
[Site "Bad Wiessee"]
[Date "2001.10.31"]
[Round "5"]
[White "Feibert, Fred"]
[Black "Henrichsen, Jens"]
[Result "1-0"]
[WhiteElo "2275"]
[BlackElo "2049"]
[PlyCount "81"]
[EventDate "2001.10.27"]
[EventType "swiss"]
[EventRounds "9"]
[EventCountry "GER"]
[SourceTitle "EXT 2003"]
[Source "ChessBase"]
[SourceDate "2002.11.25"]
[SourceVersion "1"]
[SourceVersionDate "2002.11.25"]
[SourceQuality "1"]

1. d4 Nf6 2. Nf3 g6 3. g3 Bg7 4. Bg2 0-0 5. 0-0 d6 6. b3 Nbd7 7. c4 e5 8. dxe5 dxe5 9. Ba3 Re8 10. Nc3 e4 11. Nd4 e3 12. f3 Bf8 13. Bxf8 Nxf8 14. Nc2 Bf5 15. Qc1 Qe7 16. Rd1 c6 17. Nd4 Rad8 18. Nxf5 Rxd1+ 19. Qxd1 gxf5 20. Qc2 f4 21. gxf4 Qd6 22. Qf5 Qd4 23. Rc1 Ng6 24. Bf1 Qd2 25. Qc2 Qxc2 26. Rxc2 Rd8 27. Rc1 Nxf4 28. Rd1 Rd2 29. Rxd2 exd2 30. e3 Ng6 31. Kf2 Ne5 32. Ke2 b5 33. cxb5 cxb5 34. f4 Neg4 35. h3 b4 36. Nd1 Nh2 37. Bg2 Nh5 38. Kxd2 Ng3 39. Kd3 Nf5 40. Kc4 a5 41. Kb5 1-0

[Event "Bayern-chI Bank Hofmann 5th"]
[Site "Bad Wiessee"]
[Date "2001.10.30"]
[Round "4"]
[White "Ferrari, Josef"]
[Black "Feibert, Fred"]
[Result "1-0"]
[WhiteElo "2140"]
[BlackElo "2275"]
[PlyCount "107"]
[EventDate "2001.10.27"]
[EventType "swiss"]
[EventRounds "9"]
[EventCountry "GER"]
[SourceTitle "EXT 2003"]
[Source "ChessBase"]
[SourceDate "2002.11.25"]
[SourceVersion "1"]
[SourceVersionDate "2002.11.25"]
[SourceQuality "1"]

1. d4 d5 2. g3 c6 3. Bg2 Bf5 4. Nf3 Nf6 5. 0-0 e6 6. c4 Nbd7 7. b3 Be7 8. Nc3 h6 9. Bb2 0-0 10. Nd2 Bh7 11. e4 dxe4 12. Ndxe4 Nxe4 13. Nxe4 Nf6 14. Nc3 Qc7 15. Qe2 Rfd8 16. Rfd1 Rd7 17. d5 cxd5 18. cxd5 exd5 19. Nxd5 Nxd5 20. Bxd5 Rad8 21. Rac1 Qb6 22. Bd4 Qg6 23. Bxa7 Ba3 24. Bxb7 Qe6 25. Qf3 Bxc1 26. Rxc1 Rd3 27. Be3 Bf5 28. h4 Bg4 29. Qe4 Rd1+ 30. Rxd1 Rxd1+ 31. Kg2 Qxe4+ 32. Bxe4 Ra1 33. b4 Be2 34. Bd5 Bb5 35. Kf3 Bd7 36. Ke4 Kf8 37. Bc5+ Ke8 38. Bd4 Rb1 39. a3 g6 40. Ke5 Rd1 41. Bc4 Rc1 42. Ba6 Ba4 43. b5 Rb1 44. b6 Kd7 45. Kf6 Bb3 46. Bb5+ Kc8 47. Bc6 Be6 48. a4 Bc4 49. a5 h5 50. a6 Bxa6 51. Kxf7 Bd3 52. Kf6 Kd8 53. Bd5 Rb5 54. b7 1-0

[Event "Pfalz-ch MTA"]
[Site "Deidesheim"]
[Date "2000.??.??"]
[Round "5"]
[White "Feibert, Fred"]
[Black "Lang, Torsten"]
[Result "0-1"]
[WhiteElo "2299"]
[BlackElo "2257"]
[PlyCount "81"]
[EventDate "2000.??.??"]
[EventType "tourn"]
[EventRounds "9"]
[EventCountry "GER"]
[SourceTitle "EXT 2002"]
[Source "ChessBase"]
[SourceDate "2001.11.25"]
[SourceVersion "1"]
[SourceVersionDate "2001.11.25"]
[SourceQuality "1"]

1. Nf3 d6 2. d4 Nf6 3. Bg5 Nbd7 4. Nc3 e5 5. e4 Be7 6. dxe5 dxe5 7. Bc4 c6 8. 0-0 0-0 9. a4 Qc7 10. Bh4 b6 11. Qe2 a6 12. Rfd1 Bb7 13. Ba2 b5 14. axb5 axb5 15. Qe1 h6 16. Bxf6 Nxf6 17. Nh4 Bc5 18. h3 Bd4 19. Nf5 b4 20. Na4 Rxa4 21. Bxf7+ Rxf7 22. Rxa4 Bc5 23. c3 bxc3 24. Qxc3 Bf8 25. Qg3 Kh7 26. Nh4 g5 27. Nf5 Bc8 28. Qc3 Nxe4 29. Rxe4 Bxf5 30. Re2 Bg7 31. Rc1 Rd7 32. Qf3 Bg6 33. b4 e4 34. Qg4 Rd4 35. b5 c5 36. Qe6 Rd6 37. Qc4 Bd4 38. Kh1 Qd7 39. Ra2 Bf7 40. Qc2 Bxa2 41. Qxa2 0-1

[Event "Pfalz-ch MTA"]
[Site "Deidesheim"]
[Date "2000.??.??"]
[Round "7"]
[White "Feibert, Fred"]
[Black "Moeldner, Juergen"]
[Result "1/2-1/2"]
[WhiteElo "2299"]
[BlackElo "2289"]
[PlyCount "82"]
[EventDate "2000.??.??"]
[EventType "tourn"]
[EventRounds "9"]
[EventCountry "GER"]
[SourceTitle "EXT 2002"]
[Source "ChessBase"]
[SourceDate "2001.11.25"]
[SourceVersion "1"]
[SourceVersionDate "2001.11.25"]
[SourceQuality "1"]

1. d4 c5 2. d5 Nf6 3. Nc3 g6 4. g3 Bg7 5. Bg2 d6 6. Nf3 0-0 7. 0-0 Na6 8. e4 Nc7 9. a4 b6 10. e5 Ng4 11. exd6 exd6 12. Bg5 f6 13. Bc1 Bd7 14. Nd2 Ne5 15. f4 Nf7 16. Nc4 f5 17. Ne2 Bc8 18. Ne3 Rb8 19. c4 a6 20. Bd2 Bxb2 21. Rb1 Bg7 22. Ba5 Na8 23. Bc3 Bxc3 24. Nxc3 Bd7 25. Qd3 Nc7 26. Rb2 a5 27. Rfb1 Na6 28. Re1 Qf6 29. Rbe2 Nb4 30. Qd2 Rfe8 31. Bf3 Qd4 32. Kg2 Qxd2 33. Rxd2 Re7 34. Kf2 Rbe8 35. Ng2 Rxe1 36. Nxe1 Kg7 37. h3 h6 38. Ng2 Kf6 39. h4 Re7 40. Bd1 Bc8 41. Ne3 Ba6 1/2-1/2

[Event "Mehlingen PSB-ch MTA"]
[Site "Mehlingen"]
[Date "1999.04.03"]
[Round "8"]
[White "Nazarenus, Olaf"]
[Black "Feibert, Fred"]
[Result "1/2-1/2"]
[WhiteElo "2049"]
[BlackElo "2211"]
[PlyCount "26"]
[EventDate "1999.??.??"]
[EventType "tourn"]
[EventRounds "9"]
[EventCountry "GER"]
[SourceTitle "EXT 2001"]
[Source "ChessBase"]
[SourceDate "2000.11.22"]
[SourceVersion "1"]
[SourceVersionDate "2000.11.22"]
[SourceQuality "1"]

1. e4 e6 2. Qe2 c5 3. g3 Nc6 4. c3 d5 5. exd5 Qxd5 6. Nf3 Nf6 7. Bg2 Qe4 8. Qxe4 Nxe4 9. d3 Nf6 10. Na3 Bd6 11. Nc4 Bc7 12. Be3 Nd7 13. d4 cxd4 1/2-1/2

[Event "Mehlingen PSB-ch MTA"]
[Site "Mehlingen"]
[Date "1999.04.01"]
[Round "6"]
[White "Senk, Christian"]
[Black "Feibert, Fred"]
[Result "1/2-1/2"]
[WhiteElo "2086"]
[BlackElo "2211"]
[PlyCount "83"]
[EventDate "1999.??.??"]
[EventType "tourn"]
[EventRounds "9"]
[EventCountry "GER"]
[SourceTitle "EXT 2001"]
[Source "ChessBase"]
[SourceDate "2000.11.22"]
[SourceVersion "1"]
[SourceVersionDate "2000.11.22"]
[SourceQuality "1"]

1. d4 d5 2. Bg5 Nf6 3. Bxf6 exf6 4. e3 Bd6 5. c4 0-0 6. cxd5 Bb4+ 7. Nc3 Qxd5 8. a3 Bxc3+ 9. bxc3 f5 10. c4 Qd6 11. g3 f4 12. gxf4 Re8 13. Be2 Nc6 14. Nf3 Bg4 15. Ne5 Bxe2 16. Kxe2 f6 17. c5 Qd5 18. Nxc6 bxc6 19. Qd3 Rab8 20. Rab1 Qh5+ 21. f3 Qh3 22. Kf2 Qh4+ 23. Kg2 Rbd8 24. Qd2 g5 25. f5 g4 26. Rhf1 Qh3+ 27. Kh1 Kh8 28. Qf2 gxf3 29. Qxf3 Rxe3 30. Qxh3 Rxh3 31. Rb7 Rxd4 32. Rg1 Rd8 33. Rxc7 Rxa3 34. Rxc6 Rf8 35. Rc7 Ra5 36. Rgg7 Ra1+ 37. Kg2 Rg8 38. Rxg8+ Kxg8 39. c6 Rc1 40. Rxa7 Rxc6 41. Kg3 Rc4 42. h3 1/2-1/2

[Event "Mehlingen PSB-ch MTA"]
[Site "Mehlingen"]
[Date "1999.03.30"]
[Round "4"]
[White "Gnichtel, Gerd"]
[Black "Feibert, Fred"]
[Result "1/2-1/2"]
[WhiteElo "2178"]
[BlackElo "2211"]
[PlyCount "67"]
[EventDate "1999.??.??"]
[EventType "tourn"]
[EventRounds "9"]
[EventCountry "GER"]
[SourceTitle "EXT 2001"]
[Source "ChessBase"]
[SourceDate "2000.11.22"]
[SourceVersion "1"]
[SourceVersionDate "2000.11.22"]
[SourceQuality "1"]

1. d4 d5 2. c4 e6 3. Nc3 c6 4. Nf3 dxc4 5. a4 Bb4 6. e3 b5 7. Bd2 a5 8. axb5 Bxc3 9. Bxc3 cxb5 10. b3 Bb7 11. d5 Nf6 12. bxc4 b4 13. Bxf6 Qxf6 14. Qa4+ Ke7 15. Nd4 e5 16. Nb3 Nd7 17. Be2 Rhc8 18. Bg4 Nb6 19. Bxc8 Nxa4 20. Bxb7 e4 21. 0-0 Ra7 22. Rxa4 Rxb7 23. Nxa5 Rb6 24. c5 Ra6 25. Nc6+ Qxc6 26. dxc6 Rxa4 27. Rd1 Ra5 28. Kf1 b3 29. Rb1 Ra3 30. Ke1 Kd8 31. Kd2 Ra2+ 32. Ke1 Ra3 33. Kd2 Kc7 34. Kc3 1/2-1/2

[Event "Pfalz-chA"]
[Site "Bad Bergzabern"]
[Date "1997.??.??"]
[Round "?"]
[White "Feibert, Fred"]
[Black "Lang, Torsten"]
[Result "1/2-1/2"]
[WhiteElo "2360"]
[BlackElo "2165"]
[PlyCount "23"]
[EventDate "1997.??.??"]
[EventType "tourn"]
[EventRounds "9"]
[EventCountry "GER"]
[SourceTitle "EXT 2000"]
[Source "ChessBase"]
[SourceDate "1999.11.16"]
[SourceVersion "1"]
[SourceVersionDate "1999.11.16"]
[SourceQuality "1"]

1. Nf3 d5 2. g3 c5 3. Bg2 Nc6 4. 0-0 Bf5 5. d4 e6 6. c3 Nf6 7. Nh4 Be4 8. f3 Bxb1 9. Rxb1 cxd4 10. cxd4 Qb6 11. Be3 Be7 12. Bh3 1/2-1/2

[Event "Pfalz-chA"]
[Site "Bad Bergzabern"]
[Date "1997.??.??"]
[Round "?"]
[White "Nazarenus, Olaf"]
[Black "Feibert, Fred"]
[Result "0-1"]
[WhiteElo "2250"]
[BlackElo "2360"]
[PlyCount "84"]
[EventDate "1997.??.??"]
[EventType "tourn"]
[EventRounds "9"]
[EventCountry "GER"]
[SourceTitle "EXT 2000"]
[Source "ChessBase"]
[SourceDate "1999.11.16"]
[SourceVersion "1"]
[SourceVersionDate "1999.11.16"]
[SourceQuality "1"]

1. e4 e6 2. d4 d5 3. Nd2 Nf6 4. e5 Nfd7 5. f4 c5 6. c3 Nc6 7. Ngf3 Qb6 8. Nb3 cxd4 9. cxd4 a5 10. a4 Bb4+ 11. Kf2 f6 12. Be3 0-0 13. Bd3 fxe5 14. fxe5 Qd8 15. Rf1 Nb6 16. Kg1 Be7 17. Qc2 h6 18. Qf2 Nc4 19. Bc1 Nb4 20. Bb1 g5 21. Qg3 Rf7 22. h4 Rg7 23. hxg5 hxg5 24. Nh2 Rf7 25. Rxf7 Kxf7 26. Nf3 Qg8 27. Bxg5 Bxg5 28. Nxg5+ Ke7 29. Bh7 Qe8 30. Rf1 Qh5 31. Rf7+ Ke8 32. Rg7 Qe2 33. Nc5 Ne3 34. Bg6+ Kd8 35. Ngxe6+ Bxe6 36. Nxe6+ Kc8 37. Qg5 Kb8 38. Qd8+ Ka7 39. Qxa5+ Na6 40. Qxd5 Qd1+ 41. Kh2 Rh8+ 42. Bh7 Nxd5 0-1

[Event "Pfalz-chB"]
[Site "Landau"]
[Date "1996.??.??"]
[Round "?"]
[White "Hoegerl, Gerd"]
[Black "Feibert, Fred"]
[Result "1/2-1/2"]
[WhiteElo "2270"]
[BlackElo "2360"]
[PlyCount "25"]
[EventDate "1996.??.??"]
[EventType "tourn"]
[EventRounds "9"]
[EventCountry "GER"]
[SourceTitle "EXT 2000"]
[Source "ChessBase"]
[SourceDate "1999.11.16"]
[SourceVersion "1"]
[SourceVersionDate "1999.11.16"]
[SourceQuality "1"]

1. d4 d5 2. c4 e6 3. Nc3 Nf6 4. Bg5 Be7 5. e3 0-0 6. Nf3 Nbd7 7. Bd3 c6 8. 0-0 h6 9. Bh4 b6 10. Rc1 Bb7 11. cxd5 cxd5 12. Qc2 Rc8 13. Qe2 1/2-1/2